00524 a2200181 450000100060000002000160000604000240002210000250004624000390007124500340011030000070014436200090015144000230016065000310018394200070021495201040022199900170032570359 a85766660156 cAnchieta - Itaigara aShakespeare, William10aSonho de uma noite de verãolpor10aSonho de uma noite de verão a710 a2004 1aEscala Educacional 4aLiteratura infanto-juvenil cBK 00104070a88.1b88.1d2023-11-21l0o028.5 SHA SONp3691/ITAr2023-11-21 20:05:20w2023-11-21yBK c70359d70359